Jeux Super Mario - Statistiques

Statistiques générales
  • Ce quiz a été pris 259 fois
    258 depuis la dernière actualisation
  • Le résultat moyen est 17 sur 36
Statistiques - réponses
Consoles Dates Jeux vidéos % Correct
NES 1985 Super Mario Bros.
97%
NES 1988 Super Mario Bros. 2
86%
NES 1988 Super Mario Bros. 3
82%
Nintendo 64 1996 Super Mario 64
79%
Wii 2007 Super Mario Galaxy
78%
DS 2006 New Super Mario Bros.
75%
Wii 2010 Super Mario Galaxy 2
74%
Nintendo Switch 2017 Super Mario Odyssey
73%
GameCube 2002 Super Mario Sunshine
72%
Wii U 2013 Super Mario 3D World
68%
Super Nintendo 1990 Super Mario World
68%
Wii 2009 New Super Mario Bros. Wii
59%
3DS 2011 Super Mario 3D Land
59%
Wii U 2012 New Super Mario Bros. U
56%
Nintendo Switch 2023 Super Mario Bros. Wonder
56%
3DS 2012 New Super Mario Bros. 2
55%
Game Boy 1989 Super Mario Land
54%
Wii U / 3DS 2015 / 2016 Super Mario Maker
52%
Portable 2016 Super Mario Run
51%
Nintendo Switch 2019 Super Mario Maker 2
48%
DS 2004 Super Mario 64 DS
39%
NES 1986 Super Mario Bros. : The Lost Levels
37%
Nintendo Switch 2019 New Super Mario Bros. U Deluxe
36%
Nintendo Switch 2020 Super Mario 3D All-Stars
33%
Super Nintendo / Wii (version limitée) 1993 / 2010 Super Mario All-Stars
33%
Nintendo Switch 2021 Super Mario 3D World + Bowser’s Fury
27%
Game Boy Advance 2000 Super Mario Advance
26%
Game Boy Advance 2001 Super Mario Advance 2
24%
Game Boy Advance 2002 Super Mario Advance 3
24%
Game Boy Advance 2003 Super Mario Advance 4
23%
Game Boy 1992 Super Mario Land 2 : 6 Golden Coins
22%
Super Nintendo 1995 Super Mario World 2 : Yoshi's Island
22%
Game Boy Color 1999 Super Mario Bros. Deluxe
20%
Nintendo Switch 2020 Super Mario Bros. 35
17%
Game Boy 1994 Wario Land : Super Mario Land 3
11%
Game & Watch 2020 Game & Watch : Super Mario Bros.
7%
Aucun quiz correspondant
Distribution des résultats
% des personnes avec chaque résultat
Percentile par nombre de réponses
Votre historique - résultats
Vous n’avez pas pris ce quiz depuis la dernière actualisation